La siderurgie Japonaise

Gardado en:
Detalles Bibliográficos
Autor Principal: Bienfait, Jean
Formato: Libro
Idioma:Undetermined
Publicado: Paris Centre de Recherches Europeennes 1965
Những chủ đề:
Các nhãn: Engadir etiqueta
Sen Etiquetas, Sexa o primeiro en etiquetar este rexistro!
Thư viện lưu trữ: Trung tâm Học liệu Trường Đại học Cần Thơ
LEADER 00507nam a2200193Ia 4500
001 CTU_99739
008 210402s9999 xx 000 0 und d
082 |a 338.47669 
082 |b B583 
100 |a Bienfait, Jean 
245 0 |a La siderurgie Japonaise 
245 0 |c Jean Bienfait 
260 |a Paris 
260 |b Centre de Recherches Europeennes 
260 |c 1965 
650 |a Iron industry and trade 
650 |z Japan 
904 |i Truc 
980 |a Trung tâm Học liệu Trường Đại học Cần Thơ